=LDR 00000nam 2200000 4500 =001 INLIS000000000033207 =005 20130612135157 =008 ***********************************ind** =035 ##$$0010-061300000033207 =041 ##$$a ind =082 ##$$a 345.001 =090 ##$$a 345.001, Mar a =100 ##$$a MARPAUNG, Leden, Dr, SH =245 ##$$a Asas, teori, Praktek Hukum Pidana / Dr.Leden Marpaung, SH =260 ##$$a 2008 $b Jakarta =300 ##$$a ix, 123 hlm, 23 cm =650 ##$$a Hukum Pidana, TEori =850 ##$$a NBPNMAT =990 ##$$a 21400613/BPAP-NTB/20142014 =990 ##$$a 0001/BPAP-NTB/2016 =990 ##$$a 0001/BPAP-NTB/2016